| 000 | 00590nam a22002055i 4500 | ||
|---|---|---|---|
| 001 | 173058 | ||
| 003 | ES-MaACL | ||
| 005 | 20250814011835.0 | ||
| 008 | 091021s1961 sp |||| | spa d | ||
| 080 | _a574(4) | ||
| 100 | 1 |
_aRostand, Jean. _999922 |
|
| 245 | 1 | 0 |
_aCiencia falsa y pseudo ciencias / _cJean Rostand. |
| 260 |
_aMadrid : _bTecnos, _c[1961] |
||
| 300 |
_a223 p. ; _c20 cm. |
||
| 490 | 1 |
_aVentana abierta ; _v3 |
|
| 650 | 1 | 7 |
_aBiologĂa _2embne _910580 |
| 830 | 0 |
_aVentana abierta _v3 _9179022 |
|
| 852 |
_aES-MaACL _jC-26875 _9R.55710 |
||
| 999 |
_c173058 _d173058 |
||